[Event "II Open B"]
[Site "Pedavena ITA"]
[Date "2006.08.04"]
[Round "5"]
[White "Bisaro, Andrea"]
[Black "Dal Pra Caputo, Stefano"]
[Result "0-1"]
[WhiteElo "1608"]
[BlackElo "1461"]
[PlyCount "60"]
[EventDate "2006.08.01"]

1. d4 d5 2. c4 c6 3. Nc3 Nf6 4. Nf3 Bf5 5. cxd5 Nxd5 6. Nxd5 Qxd5 7. e3 e6 8.
Be2 Bd6 9. Bd3 Bb4+ 10. Ke2 Nd7 11. Bxf5 exf5 12. g3 Qc4+ 13. Qd3 Qxd3+ 14.
Kxd3 O-O-O 15. Ke2 h6 16. a3 Bd6 17. b3 g5 18. Bb2 Rhe8 19. Rhc1 Nb6 20. Rc3
Nd5 21. Rd3 f4 22. Rc1 fxe3 23. fxe3 f5 24. Ne5 f4 25. gxf4 gxf4 26. e4 Ne3 27.
Kf3 Bxe5 28. Rxe3 fxe3 29. dxe5 Rd3 30. Ke2 Rd2+ 0-1

[Event "II Open B"]
[Site "Pedavena ITA"]
[Date "2006.08.04"]
[Round "5"]
[White "Cocuzzi, Edoardo"]
[Black "De Vettor, Marc"]
[Result "1/2-1/2"]
[WhiteElo "1689"]
[BlackElo "1700"]
[PlyCount "39"]
[EventDate "2006.08.01"]

1. e4 e6 2. d4 d5 3. exd5 exd5 4. h3 c6 5. Nf3 Nf6 6. Bd3 Bd6 7. O-O O-O 8. b3
Nbd7 9. Bb2 Ne4 10. Re1 Re8 11. Re2 Ndf6 12. c3 h6 13. Qc2 Bf5 14. Nbd2 Bh7 15.
Rae1 Re7 16. Ne5 Nxd2 17. Bxh7+ Nxh7 18. Qxd2 Ng5 19. Qd3 Qc7 20. Bc1 1/2-1/2

[Event "II Open B"]
[Site "Pedavena ITA"]
[Date "2006.08.04"]
[Round "5"]
[White "Dal Broi, Marco"]
[Black "Delle Fave, Fabio"]
[Result "0-1"]
[WhiteElo "1409"]
[BlackElo "1747"]
[PlyCount "152"]
[EventDate "2006.08.01"]

1. e4 c6 2. d4 d5 3. Nc3 dxe4 4. Nxe4 Bf5 5. Nc3 Nf6 6. Be3 Nbd7 7. Bd3 Bxd3 8.
Qxd3 e6 9. Nf3 Bd6 10. a3 h6 11. h3 Qc7 12. Nd2 Nd5 13. Nde4 Be7 14. g3 Nxe3
15. Qxe3 Nf6 16. f4 Qb6 17. b4 Nd5 18. Nxd5 cxd5 19. Nc5 Qc6 20. Rh2 b6 21. Nd3
Qc3+ 22. Ke2 Qxa1 23. Ne5 Rc8 24. Kd2 Rxc2+ 25. Kxc2 Qa2+ 26. Kd1 Qxh2 27. Nc6
Kd7 28. Ne5+ Ke8 29. Nc6 Qxh3 30. Qe5 Qf1+ 31. Kd2 Qf2+ 32. Kd1 Qf3+ 33. Kd2
Kd7 34. Nb8+ Rxb8 35. Qxb8 Qf2+ 36. Kc1 Qe3+ 37. Kc2 Qe2+ 38. Kb1 Qd3+ 39. Ka2
Qc4+ 40. Kb1 Qc7 41. Qg8 Qc3 42. Qb8 Qb3+ 43. Kc1 Qxa3+ 44. Kd1 f5 45. Qb7+ Ke8
46. Qc6+ Kf7 47. Qc1 Qxc1+ 48. Kxc1 Bxb4 49. Kc2 h5 50. Kb3 Be1 51. Ka4 a6 52.
Kb3 Bxg3 53. Kc3 Bxf4 54. Kb3 Be3 55. Kc3 Bxd4+ 56. Kxd4 h4 57. Ke3 g5 58. Kd3
h3 59. Ke3 g4 60. Kf2 a5 61. Kg1 a4 62. Kh2 b5 63. Kg3 Kf6 64. Kh2 f4 65. Kg1
Ke5 66. Kh2 Ke4 67. Kg1 Ke3 68. Kf1 h2 69. Kg2 g3 70. Kh1 a3 71. Kg2 a2 72. Kh1
a1=Q+ 73. Kg2 Qg1+ 74. Kh3 h1=Q+ 75. Kg4 Qb1 76. Kg5 Qf5# 0-1

[Event "II Open B"]
[Site "Pedavena ITA"]
[Date "2006.08.04"]
[Round "5"]
[White "Dalle Case, Rossano"]
[Black "Azzinaro, Luca"]
[Result "0-1"]
[WhiteElo "1434"]
[BlackElo "1404"]
[PlyCount "60"]
[EventDate "2006.08.01"]

1. e4 e6 2. d4 d5 3. e5 c5 4. c3 Qb6 5. Nf3 Nc6 6. Be2 Bd7 7. O-O Nge7 8. b3
Nf5 9. dxc5 Bxc5 10. Bd3 O-O 11. Qc2 Qc7 12. g4 Nfe7 13. Re1 Ng6 14. Bxg6 fxg6
15. Qe2 Rf7 16. Be3 Be7 17. Ng5 Bxg5 18. Bxg5 Raf8 19. Bh4 Qb6 20. Rf1 d4 21.
Nd2 dxc3 22. Nc4 Qc5 23. Nd6 Nd4 24. Qe3 Nf3+ 25. Kh1 Qc6 26. Qe4 Qxe4 27. Nxe4
Nxh4 28. Nd6 Rxf2 29. Rxf2 Rxf2 30. Kg1 Bc6 0-1

[Event "II Open B"]
[Site "Pedavena ITA"]
[Date "2006.08.04"]
[Round "5"]
[White "Endrizzi, Matteo"]
[Black "Giorgiutti, Jacopo"]
[Result "0-1"]
[WhiteElo "1446"]
[BlackElo "1413"]
[PlyCount "170"]
[EventDate "2006.08.01"]

1. e4 e5 2. Nf3 d5 3. exd5 e4 4. Qe2 Nf6 5. d3 Qxd5 6. Nc3 Bb4 7. Bd2 Bxc3 8.
Bxc3 Be6 9. Nd2 exd3 10. Qxd3 Qxd3 11. Bxd3 Nc6 12. O-O-O O-O-O 13. f3 Rhe8 14.
Bxf6 gxf6 15. a3 f5 16. h3 h5 17. Rhe1 Bd7 18. Nc4 f4 19. Be4 f6 20. Rg1 f5 21.
Bd5 h4 22. Bxc6 Bxc6 23. Rxd8+ Kxd8 24. Rd1+ Kc8 25. Rg1 b6 26. c3 Bb7 27. b4
b5 28. Nb2 a6 29. Nd3 Re3 30. Rd1 Bd5 31. Rd2 Bc4 32. Kc2 Kb7 33. Nxf4 Bf7 34.
Rd7 Be6 35. Nxe6 Rxe6 36. Rd2 Kc6 37. Kb3 Kb6 38. a4 c6 39. Rd4 Rg6 40. Rxh4
Rxg2 41. axb5 axb5 42. Rh5 Rg3 43. Rxf5 Rxh3 44. Rf8 Kc7 45. f4 Rf3 46. Rf7+
Kd6 47. Rf6+ Ke7 48. Rxc6 Rxf4 49. Rc5 Kd6 50. Rxb5 Kc6 51. Rc5+ Kb6 52. Rd5
Kc6 53. Rd3 Kb5 54. Rd2 Rf1 55. c4+ Kc6 56. Kc3 Rf4 57. b5+ Kb6 58. Kb4 Kb7 59.
Kc5 Kc7 60. b6+ Kc8 61. Kb5 Kb7 62. c5 Rf5 63. Rd7+ Kc8 64. Kc6 Rxc5+ 65. Kd6
Rb5 66. Rc7+ Kb8 67. Kc6 Rb1 68. b7 Rc1+ 69. Kb6 Rxc7 70. Ka6 Rxb7 71. Ka5 Ka7
72. Ka4 Ka6 73. Ka3 Ka5 74. Ka2 Rb4 75. Ka3 Rc4 76. Kb3 Kb5 77. Kb2 Kb4 78. Ka2
Ka4 79. Kb2 Kb4 80. Ka2 Rc3 81. Kb2 Kc4 82. Ka2 Rb3 83. Ka1 Kc3 84. Ka2 Kc2 85.
Ka1 Ra3# 0-1

[Event "II Open B"]
[Site "Pedavena ITA"]
[Date "2006.08.04"]
[Round "5"]
[White "Innocenti, Sandro"]
[Black "Sanavio, Giancarlo"]
[Result "1/2-1/2"]
[WhiteElo "1488"]
[BlackElo "1799"]
[PlyCount "146"]
[EventDate "2006.08.01"]

1. e4 d5 2. exd5 Nf6 3. d4 Nxd5 4. c4 Nf6 5. Nf3 c6 6. Nc3 g6 7. h3 Bg7 8. Be3
Bf5 9. Bd3 Qa5 10. O-O Na6 11. Bxf5 Qxf5 12. Qb3 Rb8 13. d5 c5 14. Qb5+ Qd7 15.
Bf4 Rc8 16. Rfe1 Kf8 17. Ne5 Qxb5 18. Nxb5 Nb4 19. Re2 a6 20. Nc3 Nh5 21. Bh2
Bxe5 22. Bxe5 f6 23. Bh2 Kf7 24. g4 Ng7 25. a3 Nd3 26. Rd1 Ne5 27. Bxe5 fxe5
28. Rxe5 h5 29. Rde1 Rce8 30. Kg2 hxg4 31. hxg4 Rh4 32. Kg3 Reh8 33. Rxe7+ Kf6
34. g5+ Kxg5 35. Rxg7 Rh3+ 36. Kg2 Rh2+ 37. Kf1 Rh1+ 38. Kg2 Rxe1 39. f4+ Kxf4
40. Rf7+ Kg4 41. d6 Reh1 42. Kf2 R1h2+ 43. Ke3 R2h3+ 44. Ke4 Re8+ 45. Re7 Rd8
46. d7 Rh2 47. Kd5 Rxb2 48. Kd6 Rb3 49. Nd5 Rxa3 50. Kc7 Rxd7+ 51. Kxd7 b5 52.
cxb5 axb5 53. Re4+ Kf3 54. Rf4+ Kg3 55. Rf6 g5 56. Rb6 b4 57. Kc6 Ra5 58. Ne3
Ra3 59. Nc4 Rc3 60. Kxc5 b3 61. Kd4 Rf3 62. Nd2 Rf4+ 63. Kc3 Kf2 64. Nxb3 g4
65. Nd4 g3 66. Rb2+ Kf1 67. Rb1+ Kg2 68. Ne2 Rf3+ 69. Kd2 Rf2 70. Ke3 Kh2 71.
Nxg3 Kxg3 72. Rg1+ Rg2 73. Rxg2+ Kxg2 1/2-1/2

[Event "II Open B"]
[Site "Pedavena ITA"]
[Date "2008.08.04"]
[Round "5"]
[White "Londero, Marco"]
[Black "Merciari, Moreno"]
[Result "0-1"]
[WhiteElo "1514"]
[BlackElo "1766"]
[PlyCount "58"]
[EventDate "2006.08.01"]

1. e4 d5 2. exd5 Qxd5 3. Nc3 Qa5 4. Bc4 Nf6 5. d3 c6 6. Bd2 Qc7 7. Nf3 Bg4 8.
O-O e6 9. Ne4 Be7 10. Re1 O-O 11. Bc3 Nbd7 12. a3 Rad8 13. Re3 Nd5 14. Bxd5
exd5 15. Ng3 Bd6 16. Re1 Rde8 17. Rxe8 Rxe8 18. Rb1 Ne5 19. Bxe5 Bxe5 20. d4
Bxf3 21. gxf3 Bd6 22. c3 Re6 23. Qd3 Qe7 24. Kh1 g6 25. Qd2 Qe8 26. Rg1 Bxg3
27. fxg3 Re2 28. Qc1 Qe6 29. g4 Qe7 0-1

[Event "II Open B"]
[Site "Pedavena ITA"]
[Date "2006.08.04"]
[Round "5"]
[White "Magis, Pierre"]
[Black "Trento, Giacomo"]
[Result "0-1"]
[WhiteElo "1600"]
[BlackElo "1552"]
[PlyCount "86"]
[EventDate "2006.08.01"]

1. e4 d6 2. d4 Nf6 3. Nc3 c6 4. Bc4 d5 5. exd5 cxd5 6. Be2 Bf5 7. Nf3 Nc6 8. a3
e6 9. h3 Bd6 10. Be3 h6 11. O-O O-O 12. Bd3 Bxd3 13. Qxd3 a6 14. Rfe1 b5 15.
Rac1 b4 16. axb4 Nxb4 17. Qd1 Qb8 18. Ne5 Bxe5 19. dxe5 Nd7 20. Bd4 Nc6 21. f4
Nxd4 22. Qxd4 Qxb2 23. Rb1 Qa3 24. Na4 Rfb8 25. Nb6 Nxb6 26. Rxb6 Rxb6 27. Qxb6
Rc8 28. Qb1 Qc5+ 29. Kh2 Qxc2 30. Qb7 Qc6 31. Qb4 Qc5 32. Qb7 Qc6 33. Qb4 Ra8
34. Ra1 Qc4 35. Qb7 Qxf4+ 36. Kh1 Rf8 37. Qc7 Qe4 38. Qb7 Qe3 39. Rxa6 Qxe5 40.
Rc6 Rb8 41. Rc8+ Rxc8 42. Qxc8+ Kh7 43. Qc2+ g6 0-1

[Event "II Open B"]
[Site "Pedavena ITA"]
[Date "2006.08.04"]
[Round "5"]
[White "Pavei, Deborah"]
[Black "Bortolotto, Denzio"]
[Result "0-1"]
[WhiteElo "1395"]
[BlackElo "1461"]
[PlyCount "88"]
[EventDate "2006.08.01"]

1. e4 c6 2. Nf3 d5 3. exd5 cxd5 4. c4 Nf6 5. cxd5 Nxd5 6. d4 e6 7. Nc3 Bb4 8.
Bd2 O-O 9. Bd3 Nc6 10. O-O Nf6 11. Be3 Bd6 12. Bg5 h6 13. Bh4 Be7 14. Bc2 a6
15. a3 Nh7 16. Bxe7 Qxe7 17. Qd3 Nf6 18. Rfe1 Rd8 19. Rad1 Qd7 20. Ne5 Qxd4 21.
Nxc6 Qxd3 22. Rxd3 Rxd3 23. Bxd3 bxc6 24. Rd1 Nd5 25. Be4 Rb8 26. Nxd5 cxd5 27.
Bd3 Bb7 28. b4 Rc8 29. b5 axb5 30. Bxb5 Kf8 31. a4 Ke7 32. Kf1 Kd6 33. g3 Bc6
34. Bxc6 Rxc6 35. Ra1 Ra6 36. Ke2 Kc5 37. Kd3 Kb4 38. Kd4 Rxa4 39. Rxa4+ Kxa4
40. f4 Kb5 41. h3 Kc6 42. g4 Kd6 43. h4 f6 44. Kd3 Kc5 0-1

[Event "II Open B"]
[Site "Pedavena ITA"]
[Date "2006.08.04"]
[Round "5"]
[White "Puricelli, Roberto"]
[Black "De Bortoli, Thomas"]
[Result "1-0"]
[WhiteElo "1389"]
[BlackElo "1458"]
[PlyCount "87"]
[EventDate "2006.08.01"]

1. d4 d5 2. c4 c6 3. Nc3 Nf6 4. Nf3 Bf5 5. b4 e6 6. c5 b6 7. Bf4 Na6 8. a3 Nc7
9. h3 Be7 10. e3 O-O 11. Be2 Nh5 12. Bh2 Bg6 13. Ne5 Nf6 14. Nxc6 Qd7 15. Ne5
Qd8 16. c6 Bd6 17. b5 Ne4 18. Nxe4 Bxe4 19. f3 Bxe5 20. Bxe5 Bg6 21. a4 f6 22.
Bh2 e5 23. dxe5 fxe5 24. O-O Re8 25. Kh1 Qg5 26. f4 exf4 27. Bxf4 Qd8 28. Bxc7
Qxc7 29. Qxd5+ Kh8 30. Qd7 Rac8 31. Qxc7 Rxc7 32. Ra3 Bc2 33. Bc4 Be4 34. Rf7
Rxf7 35. Bxf7 Rc8 36. Rc3 Rc7 37. Bh5 g6 38. Bf3 Bf5 39. e4 Be6 40. Bg4 Bf7 41.
Rd3 Be8 42. Rd8 Re7 43. Bf3 Kg7 44. c7 1-0

[Event "II Open B"]
[Site "Pedavena ITA"]
[Date "2006.08.04"]
[Round "5"]
[White "Scian, Nicola"]
[Black "Bona, Massimiliano"]
[Result "1/2-1/2"]
[WhiteElo "1524"]
[BlackElo "1284"]
[PlyCount "54"]
[EventDate "2006.08.01"]

1. e4 c5 2. Nf3 d6 3. Nc3 Nf6 4. Be2 e6 5. O-O Be7 6. d4 cxd4 7. Nxd4 Nc6 8. a4
O-O 9. Kh1 a6 10. f4 Bd7 11. Nf3 e5 12. f5 Qb6 13. Nd2 Nd4 14. Nc4 Qc7 15. Bd3
b5 16. Ne3 Bc6 17. Ng4 Rfd8 18. Nxf6+ Bxf6 19. Qg4 Kh8 20. Be3 b4 21. Bxd4 exd4
22. Ne2 Qe7 23. b3 Be5 24. Rae1 Rg8 25. Nf4 Bxf4 26. Qxf4 Qe5 27. Bc4 Rgf8
1/2-1/2

[Event "II Open B"]
[Site "Pedavena ITA"]
[Date "2006.08.04"]
[Round "5"]
[White "Tavecchia, Mario"]
[Black "Reginato, Sabrina"]
[Result "0-1"]
[WhiteElo "1724"]
[BlackElo "1517"]
[PlyCount "132"]
[EventDate "2006.08.01"]

1. d4 d5 2. Nc3 e6 3. e4 Nf6 4. Bg5 Be7 5. e5 Nfd7 6. h4 a6 7. Qg4 f5 8. exf6
Nxf6 9. Qg3 Bd6 10. Qe3 Nc6 11. O-O-O Bd7 12. Nxd5 Nxd5 13. Qe1 Be7 14. Nf3
Bxg5+ 15. Nxg5 Qe7 16. c4 Nf6 17. Qc3 O-O-O 18. Be2 h6 19. Nh3 Rhf8 20. Bf3 Qb4
21. Qc2 Na5 22. b3 Bc6 23. Bxc6 Nxc6 24. Qb2 Ne4 25. f3 Qc3+ 26. Qxc3 Nxc3 27.
Rd2 Rxd4 28. Rxd4 Nxd4 29. Kb2 Nce2 30. Nf2 Nf4 31. Rd1 c5 32. g3 Nh5 33. g4
Ng3 34. Nd3 b6 35. f4 Kc7 36. Rg1 Nge2 37. Rf1 g5 38. hxg5 hxg5 39. f5 exf5 40.
gxf5 Rxf5 41. Rh1 Rf7 42. b4 cxb4 43. Nxb4 Kb7 44. Rh5 Rg7 45. Nd5 g4 46. Rh6
Nc6 47. Rh2 Ned4 48. Ne3 g3 49. Rg2 Ne7 50. Kc3 Ndf5 51. Nf1 Kc6 52. a3 Rg4 53.
Kd3 Kc5 54. Kc3 Rxc4+ 55. Kb3 Rg4 56. Rc2+ Kd6 57. Rg2 Nd5 58. Nd2 Nde3 59. Rg1
Nd4+ 60. Kb2 Ne2 61. Re1 g2 62. Nf3 Rg3 63. Ng1 Nxg1 64. Rxg1 Nc4+ 65. Ka2 Ne5
66. Rd1+ Kc7 0-1

[Event "II Open B"]
[Site "Pedavena ITA"]
[Date "2006.08.04"]
[Round "5"]
[White "Vigliaroli, Matteo"]
[Black "Ferlini, Claudio"]
[Result "1-0"]
[WhiteElo "1463"]
[BlackElo "1389"]
[PlyCount "105"]
[EventDate "2006.08.01"]

1. e4 c5 2. Nf3 Nc6 3. d4 cxd4 4. Nxd4 e6 5. Nc3 a6 6. Nxc6 bxc6 7. e5 Qc7 8.
f4 Ne7 9. Be3 Ng6 10. Be2 Be7 11. O-O O-O 12. Qd2 Bb7 13. Ne4 Rad8 14. Nd6 f5
15. b4 Bxd6 16. exd6 Qc8 17. c4 Rde8 18. c5 Qd8 19. a4 Kh8 20. Bd4 Qh4 21. b5
cxb5 22. axb5 Ra8 23. bxa6 Bc6 24. g3 Qd8 25. Qc3 Rf7 26. Rfb1 Ra7 27. Bf3 Qa8
28. Bxc6 dxc6 29. Rb6 Qc8 30. Rab1 Ra8 31. Qa1 Rfa7 32. Qb2 Kg8 33. Rb7 e5 34.
fxe5 Nf8 35. Qb3+ Qe6 36. Qxe6+ Nxe6 37. Rb8+ Kf7 38. R1b7+ Kg6 39. Bf2 Rxa6
40. Rxa8 Rxa8 41. Re7 Ng5 42. Kg2 h5 43. Rc7 Re8 44. Rxc6 Rd8 45. Ra6 Ne6 46.
c6 Kf7 47. Ra7+ Kg6 48. Bb6 Rf8 49. Re7 Ng5 50. d7 Nf7 51. Re8 Nxe5 52. Rxf8
Nxc6 53. d8=Q 1-0

[Event "II Open B"]
[Site "Pedavena ITA"]
[Date "2006.08.04"]
[Round "6"]
[White "Bisaro, Andrea"]
[Black "Puricelli, Roberto"]
[Result "1-0"]
[WhiteElo "1608"]
[BlackElo "1389"]
[PlyCount "57"]
[EventDate "2006.08.01"]

1. d4 d5 2. c4 dxc4 3. e4 e6 4. Bxc4 Bb4+ 5. Nc3 Nf6 6. f3 O-O 7. Nge2 h6 8. a3
Ba5 9. b4 Bb6 10. Na4 c6 11. Nxb6 Qxb6 12. Bb2 a5 13. Bc3 a4 14. O-O Rd8 15.
Qc2 Bd7 16. Kh1 Qc7 17. Qb2 b5 18. Bd3 Nh5 19. e5 g6 20. g4 Ng7 21. Qc1 h5 22.
gxh5 Nxh5 23. Ng3 Nxg3+ 24. hxg3 Kg7 25. Bd2 Rh8+ 26. Kg2 Na6 27. Bg5 Kf8 28.
Bf6 Rh7 29. Rh1 1-0

[Event "II Open B"]
[Site "Pedavena ITA"]
[Date "2006.08.04"]
[Round "6"]
[White "Bona, Massimiliano"]
[Black "De Vettor, Maite"]
[Result "1-0"]
[WhiteElo "1284"]
[BlackElo "1500"]
[PlyCount "65"]
[EventDate "2006.08.01"]

1. c4 e5 2. g3 d6 3. Bg2 f5 4. e3 Nf6 5. Ne2 Nc6 6. Nbc3 Bd7 7. O-O Be7 8. a3
a6 9. Nd5 O-O 10. Nxe7+ Qxe7 11. d4 e4 12. b4 Qf7 13. Qc2 d5 14. c5 g5 15. Bb2
Qh5 16. f3 Rae8 17. Qb3 Kh8 18. f4 Qxe2 19. fxg5 Ng4 20. Rae1 Qc4 21. Qxc4 dxc4
22. h3 Nxe3 23. Rxe3 Kg8 24. Rc1 Rd8 25. g4 fxg4 26. hxg4 Bxg4 27. Rxe4 Bf5 28.
Rf4 Bd3 29. Rxf8+ Kxf8 30. d5 Ne7 31. Bf6 Re8 32. d6 Nc6 33. d7 1-0

[Event "II Open B"]
[Site "Pedavena ITA"]
[Date "2006.08.04"]
[Round "6"]
[White "Buzzatti, Matteo"]
[Black "Endrizzi, Matteo"]
[Result "0-1"]
[WhiteElo "1473"]
[BlackElo "1446"]
[PlyCount "121"]
[EventDate "2006.08.01"]

1. e4 e5 2. d3 Nc6 3. Nf3 Bc5 4. Be3 Bxe3 5. fxe3 d6 6. d4 exd4 7. exd4 Nf6 8.
Nc3 Bg4 9. Be2 Qe7 10. Qd3 O-O-O 11. h3 Bh5 12. e5 dxe5 13. Qf5+ Qe6 14. Qxe6+
fxe6 15. dxe5 Nd7 16. Bb5 Bxf3 17. gxf3 Ndxe5 18. Bxc6 Nxc6 19. O-O Rd2 20.
Rac1 Nb4 21. Rfe1 Re8 22. a3 Nxc2 23. Ne4 Nxe1 24. Nxd2 Nd3 25. Rc2 Nf4 26. Kh2
Nd5 27. Ne4 Kb8 28. Nc5 b6 29. Nd7+ Kb7 30. Re2 Nf6 31. Ne5 Re7 32. f4 a6 33.
Kg3 c5 34. Nc4 Nd7 35. Nd6+ Kc7 36. Ne4 e5 37. f5 Kc6 38. Rd2 Nf6 39. Rd6+ Kb5
40. Nxf6 gxf6 41. Rxf6 e4 42. Kf2 a5 43. Ke3 a4 44. Rh6 Kc4 45. Rxb6 Kd5 46.
Kf4 e3 47. Rb8 e2 48. Rd8+ Kc6 49. f6 e1=Q 50. fxe7 Qxe7 51. Ra8 Qh4+ 52. Ke5
Qxh3 53. Rxa4 Qe3+ 54. Kf5 Kd5 55. Kg4 Qb3 56. Ra8 Qxb2 57. a4 Qd4+ 58. Kg5 Qf2
59. a5 Ke6 60. Kh6 Qg3 61. Kxh7 0-1

[Event "II Open B"]
[Site "Pedavena ITA"]
[Date "2006.08.04"]
[Round "6"]
[White "De Bortoli, Thomas"]
[Black "Busi, Piero"]
[Result "1-0"]
[WhiteElo "1458"]
[BlackElo "1335"]
[PlyCount "67"]
[EventDate "2006.08.01"]

1. e4 e5 2. Nf3 Nf6 3. Nxe5 d6 4. Nf3 Nxe4 5. d3 Nf6 6. Nc3 Nc6 7. Bg5 Be7 8.
Be2 h6 9. Bh4 O-O 10. Qd2 Nd7 11. Bxe7 Qxe7 12. O-O-O Nf6 13. Rhe1 Be6 14. d4
d5 15. Ne5 Qd6 16. Nb5 Qd8 17. Nxc6 bxc6 18. Nc3 Qd6 19. Na4 Qxh2 20. Bf3 Qd6
21. Rh1 Ng4 22. Rde1 Bd7 23. Nc5 Rfb8 24. Rh4 g5 25. Bxg4 Qf4 26. Qxf4 gxf4 27.
Nd3 Rf8 28. Bxd7 Rad8 29. Bxc6 Kg7 30. Nxf4 f5 31. c3 Kf6 32. Bxd5 Rh8 33. Bc4
Kg5 34. Ne6+ 1-0

[Event "II Open B"]
[Site "Pedavena ITA"]
[Date "2006.08.04"]
[Round "6"]
[White "De Vettor, Marc"]
[Black "Baschirotto, Marco"]
[Result "1-0"]
[WhiteElo "1700"]
[BlackElo "1637"]
[PlyCount "75"]
[EventDate "2006.08.01"]

1. d4 d5 2. c4 c6 3. Nc3 Nf6 4. Bf4 Bf5 5. e3 e6 6. Nf3 Bb4 7. Qb3 Bxc3+ 8.
bxc3 Qa5 9. Rc1 b6 10. Be2 O-O 11. O-O dxc4 12. Bxc4 b5 13. Be2 Nbd7 14. c4 a6
15. Nh4 Be4 16. f3 bxc4 17. Bxc4 Bd5 18. Bd6 Rfc8 19. g3 Nb6 20. Bb4 Qa4 21.
Qxa4 Nxa4 22. Rf2 a5 23. Bd6 Nb6 24. Bd3 Ne8 25. Bc5 Na4 26. e4 Nxc5 27. Rxc5
Nf6 28. exd5 cxd5 29. Rfc2 Rxc5 30. Rxc5 Nd7 31. Rc7 Nb6 32. f4 g6 33. Nf3 Na4
34. Bb5 Nb6 35. Ne5 Rc8 36. Rxc8+ Nxc8 37. a4 Nd6 38. Nc6 1-0

[Event "II Open B"]
[Site "Pedavena ITA"]
[Date "2006.08.04"]
[Round "6"]
[White "Delle Fave, Fabio"]
[Black "Dal Pra Caputo, Stefano"]
[Result "1-0"]
[WhiteElo "1747"]
[BlackElo "1461"]
[PlyCount "87"]
[EventDate "2006.08.01"]

1. d4 d5 2. Nf3 Bf5 3. e3 Nf6 4. Bd3 Bg6 5. Ne5 e6 6. Nd2 Bd6 7. Ndf3 c6 8. c4
Nbd7 9. Qc2 Ne4 10. Nxg6 hxg6 11. Bxe4 dxe4 12. Qxe4 Nf6 13. Qc2 Qc7 14. h3 c5
15. Bd2 Rc8 16. Qa4+ Nd7 17. Rc1 O-O 18. Ba5 b6 19. Bd2 a5 20. O-O Rfd8 21.
Rfd1 Nf6 22. Be1 Be7 23. a3 Ra8 24. Qc2 Qc6 25. Ne5 Qb7 26. Qa4 Rac8 27. Qb5
Nd7 28. Nxd7 Rxd7 29. dxc5 Rxd1 30. Rxd1 Bxc5 31. Bxa5 Rc6 32. Bb4 Qc7 33. Bxc5
Rxc5 34. Qe8+ Kh7 35. b3 Rf5 36. Qd8 Qa7 37. a4 Qa5 38. g4 Rf6 39. Qe7 Qg5 40.
Qc7 e5 41. Kg2 e4 42. Rd5 Qh4 43. Qg3 Qxg3+ 44. Kxg3 1-0

[Event "II Open B"]
[Site "Pedavena ITA"]
[Date "2006.08.04"]
[Round "6"]
[White "Ferlini, Claudio"]
[Black "Pavei, Deborah"]
[Result "1-0"]
[WhiteElo "1389"]
[BlackElo "1395"]
[PlyCount "81"]
[EventDate "2006.08.01"]

1. d4 Nf6 2. Nf3 d5 3. c4 e6 4. Nc3 c5 5. cxd5 exd5 6. Bg5 cxd4 7. Nxd4 Be7 8.
e3 Nc6 9. Bb5 Bd7 10. Nf3 Bg4 11. Bxf6 Bxf6 12. Qxd5 Qxd5 13. Nxd5 Bxf3 14.
Nxf6+ gxf6 15. gxf3 O-O-O 16. Rc1 Kc7 17. Rg1 Rd7 18. Ke2 Kb6 19. Ba4 Rc8 20.
Rgd1 Rxd1 21. Rxd1 Rg8 22. Rd6 Rg6 23. Rd5 a6 24. Bc2 Rg2 25. a3 Rxh2 26. Be4
h6 27. Rd6 h5 28. Rxf6 h4 29. Rxf7 Rh1 30. f4 Rg1 31. Rh7 Kc5 32. Rxh4 Kc4 33.
Rh7 Na5 34. Bxb7 Nxb7 35. Rxb7 Kd5 36. Rb6 Ke4 37. Rxa6 Rb1 38. Ra4+ Kf5 39.
Kf3 Rxb2 40. Ra5+ Kf6 41. a4 1-0

[Event "II Open B"]
[Site "Pedavena ITA"]
[Date "2006.08.04"]
[Round "6"]
[White "Giorgiutti, Jacopo"]
[Black "Dal Broi, Marco"]
[Result "1/2-1/2"]
[WhiteElo "1413"]
[BlackElo "1409"]
[PlyCount "126"]
[EventDate "2006.08.01"]

1. e4 e5 2. Nf3 Nc6 3. d4 exd4 4. Nxd4 Nxd4 5. Qxd4 Nf6 6. Bg5 h6 7. Bh4 Qe7 8.
e5 d6 9. f4 g5 10. fxg5 hxg5 11. Bxg5 dxe5 12. Bxf6 Qxf6 13. Qe3 b6 14. Bb5+
Bd7 15. Bxd7+ Kxd7 16. Nc3 Bh6 17. Qd3+ Qd6 18. Qxd6+ cxd6 19. Rf1 Rhf8 20. Ne4
Ke6 21. Rf6+ Kd5 22. Nc3+ Kc5 23. Rxh6 f5 24. O-O-O Rad8 25. Rd5+ Kc6 26. Rd1
f4 27. Nd5 Rde8 28. Nb4+ Kc7 29. Rhxd6 Rf7 30. Rc6+ Kb7 31. Rc3 e4 32. Re1 a5
33. Nd5 Re5 34. Nxf4 Rxf4 35. g3 Rf8 36. g4 Rh8 37. g5 Rxh2 38. g6 Rg2 39. Rce3
Rc5 40. R3e2 Rxg6 41. Rxe4 Rgc6 42. c3 b5 43. Kb1 a4 44. Rb4 Rd6 45. Kc2 Rcd5
46. c4 Rc5 47. Rxb5+ Rxb5 48. cxb5 Rd5 49. Re4 a3 50. b3 Kb6 51. Ra4 Kxb5 52.
Rxa3 Rc5+ 53. Kb2 Kb4 54. Ra4+ Kb5 55. a3 Rh5 56. Rc4 Rh2+ 57. Kc3 Rh3+ 58. Kd4
Rxb3 59. a4+ Ka5 60. Kc5 Ra3 61. Rb4 Rc3+ 62. Rc4 Rxc4+ 63. Kxc4 Kxa4 1/2-1/2

[Event "II Open B"]
[Site "Pedavena ITA"]
[Date "2006.08.04"]
[Round "6"]
[White "Londero, Marco"]
[Black "Bortolotto, Denzio"]
[Result "0-1"]
[WhiteElo "1514"]
[BlackElo "1461"]
[PlyCount "28"]
[EventDate "2006.08.01"]

1. e4 c5 2. Nf3 d6 3. d4 cxd4 4. Nxd4 Nf6 5. Nc3 a6 6. Bg5 e6 7. Be2 Be7 8. Qd2
Nc6 9. f4 e5 10. Nxc6 bxc6 11. f5 O-O 12. O-O-O d5 13. Bxf6 Bxf6 14. exd5 Bg5
0-1

[Event "II Open B"]
[Site "Pedavena ITA"]
[Date "2006.08.04"]
[Round "6"]
[White "Magis, Pierre"]
[Black "Vigliaroli, Matteo"]
[Result "0-1"]
[WhiteElo "1600"]
[BlackElo "1463"]
[PlyCount "94"]
[EventDate "2006.08.01"]

1. e4 e6 2. d4 d5 3. exd5 exd5 4. Bd3 Bd6 5. Nf3 Nf6 6. O-O O-O 7. Bg5 Bg4 8.
Nbd2 Nbd7 9. h3 Be6 10. Re1 h6 11. Be3 c6 12. c3 Qc7 13. Qc2 Rfe8 14. Re2 Re7
15. Rae1 Rae8 16. Nh4 a6 17. Nf5 Bxf5 18. Bxf5 Ne4 19. Nxe4 dxe4 20. Bc1 Nf6
21. Bxe4 Nd5 22. Bxd5 cxd5 23. Kf1 Rxe2 24. Rxe2 Qc4 25. Be3 Qxa2 26. b3 Qxc2
27. Rxc2 b5 28. Re2 Re6 29. Bd2 Rxe2 30. Kxe2 Kf8 31. h4 h5 32. Kf3 Ke7 33. b4
Ke6 34. Bf4 Be7 35. g3 Kf5 36. Be3 f6 37. Bd2 g5 38. hxg5 fxg5 39. Be1 g4+ 40.
Ke3 Bf8 41. f4 gxf3 42. Kxf3 Bh6 43. Kf2 Ke4 44. Ke2 Be3 45. g4 hxg4 46. Bg3
Bf4 47. Bf2 Bh2 0-1

[Event "II Open B"]
[Site "Pedavena ITA"]
[Date "2006.08.04"]
[Round "6"]
[White "Merciari, Moreno"]
[Black "Innocenti, Sandro"]
[Result "1/2-1/2"]
[WhiteElo "1766"]
[BlackElo "1488"]
[PlyCount "45"]
[EventDate "2006.08.01"]

1. e4 c5 2. f4 e6 3. Nf3 a6 4. Be2 Qc7 5. d3 Be7 6. O-O Nc6 7. Nc3 d6 8. a3 Nf6
9. Qe1 Nd4 10. Qd2 Nxf3+ 11. Bxf3 Bd7 12. Qe3 Bc6 13. Kh1 O-O 14. Bd2 d5 15.
exd5 Nxd5 16. Nxd5 exd5 17. d4 cxd4 18. Qxd4 Bf6 19. Qb4 a5 20. Qb3 a4 21. Qb4
Be7 22. Qd4 Bf6 23. Qb4 1/2-1/2

[Event "II Open B"]
[Site "Pedavena ITA"]
[Date "2006.08.04"]
[Round "6"]
[White "Reginato, Sabrina"]
[Black "Bettini, Alessandro"]
[Result "0-1"]
[WhiteElo "1517"]
[BlackElo "1739"]
[PlyCount "72"]
[EventDate "2006.08.01"]

1. e4 Nc6 2. d4 d5 3. e5 f6 4. f4 Bf5 5. Bb5 Qd7 6. Nf3 e6 7. h3 a6 8. Bd3 Be4
9. c3 f5 10. Qe2 Be7 11. Nbd2 Nh6 12. a3 O-O 13. O-O Kh8 14. c4 Nd8 15. b4 c6
16. cxd5 exd5 17. Bb2 Ne6 18. Ne1 Qe8 19. Nb3 Bh4 20. Bc3 Bg3 21. Bd2 Qf7 22.
Nc2 Rg8 23. Nc5 Rae8 24. Rab1 Re7 25. Rb2 g6 26. Be1 Nxf4 27. Qe3 Nxd3 28. Nxd3
Bxd3 29. Bxg3 Bxf1 30. Qxh6 Bd3 31. Bh4 Re6 32. Ne1 g5 33. Bxg5 Rxh6 34. Bxh6
Be4 35. h4 Rg6 36. Bg5 h6 0-1

[Event "II Open B"]
[Site "Pedavena ITA"]
[Date "2006.08.04"]
[Round "6"]
[White "Sanavio, Giancarlo"]
[Black "Scian, Nicola"]
[Result "0-1"]
[WhiteElo "1799"]
[BlackElo "1524"]
[PlyCount "104"]
[EventDate "2006.08.01"]

1. Nf3 Nf6 2. c4 g6 3. b4 Bg7 4. Bb2 O-O 5. e3 d6 6. d4 Re8 7. Be2 Nbd7 8. O-O
c6 9. d5 Qc7 10. Qb3 a5 11. bxa5 Qxa5 12. dxc6 bxc6 13. Nd4 Qc7 14. Ba3 Ne4 15.
Bf3 Ndc5 16. Bxc5 Nxc5 17. Qd1 Bd7 18. Nc3 Ra3 19. Qd2 Qa5 20. Rfc1 Na4 21. Nb1
Qxd2 22. Nxd2 c5 23. Nb1 cxd4 24. Nxa3 dxe3 25. Rab1 exf2+ 26. Kxf2 Bb2 27.
Rxb2 Nxb2 28. Bd1 Rc8 29. Ke3 Be6 30. Kd4 Na4 31. Rb1 Nc5 32. Bf3 Bd7 33. Rb6
Ne6+ 34. Kc3 Ng5 35. Bd5 Be6 36. Bc6 Bf5 37. Nb5 Be4 38. Bxe4 Nxe4+ 39. Kb4 Nd2
40. Na3 Ra8 41. Rb7 Kf8 42. Rb5 e5 43. Rd5 Ne4 44. Kb3 Nc5+ 45. Kb2 Ke7 46. Nb5
Rb8 47. Rxd6 Rxb5+ 48. cxb5 Kxd6 49. Kc3 f5 50. Kb4 e4 51. Kc4 e3 52. Kc3 f4
0-1